| 000 | 00814nam a2200241 a 4500 | ||
|---|---|---|---|
| 005 | 20200104041522.0 | ||
| 008 | 160115b1992 mx ||||gr|||| 00| 0 spa d | ||
| 040 |
_aCO-BoIAVH _cCO-BoIAVH |
||
| 041 | _aspa | ||
| 082 | 4 |
_a333.9516 _bT14t |
|
| 090 |
_aLB _b01557 |
||
| 111 | 2 |
_aTaller Internacional sobre el manejo de reservas de la biosfera _cValle de Bravo (México) _d1991 |
|
| 245 | 1 | _aInforme del taller Internacional sobre el manejo de reservas de la biosfera | |
| 260 |
_aValle de Bravo _bFAO _bPNUMA _c1991 |
||
| 300 |
_a90 paginas. _c26 x 18 cm. |
||
| 650 | 4 | _aReservas de la biosfera | |
| 650 | 4 | _aManejo de recursos | |
| 650 | 4 | _aParques nacionales naturales | |
| 650 | 4 | _aAreas protegidas | |
| 650 | 6 | _aFlora | |
| 650 | 6 | _aFauna | |
| 942 |
_cLIBRO _2ddc |
||
| 999 |
_c1564 _d1564 |
||